Recopilación de leyes por orden numérico, con índices onomástico, por número, Ministerios y materias

Spremljeno u:
Bibliografski detalji
Autor kompanije: Contraloría General de la República (Autor)
Format: Knjiga
Jezik:španjolski
Izdano: Santiago Contraloría General de la República 1949
Teme:
Oznake: Dodaj oznaku
Bez oznaka, Budi prvi tko označuje ovaj zapis!

MARC

LEADER 00000nam a2200000 a 4500
001 UCR0649
003 CL-VaPUC
008 971205e19490000CL |||||||||||||||||spa|d
082 0 4 |a 348.022  |b CON  |2 21 
110 2 |a Contraloría General de la República  |e author  |9 396638 
245 1 0 |a Recopilación de leyes por orden numérico, con índices onomástico, por número, Ministerios y materias 
300 |a t 
942 |c BK 
945 |d 19971205 00:00:00  |a lriquelm 
260 |a Santiago  |b Contraloría General de la República  |c 1949 
500 |a Contiene: desde la ley 8.991, de 3 de Septiembre de 1948 a la 9.395, de 16 de Septiembre de 1949 
500 |a Donación profesor Fernando Recio Olguín 
650 7 |a LEGISLACION  |2 CL-VaPUC  |9 396639 
650 0 |a Leyes  |9 256670 
650 7 |a FUENTES  |2 CL-VaPUC  |9 255666 
650 7 |a DERECHO CHILENO  |2 CL-VaPUC  |9 396640 
651 7 |a CHILE  |2 CL-VaPUC  |9 396641 
583 |a last modification  |c 20140410 09:24:25  |k Rodrigo Vera 
999 |c 264148  |d 264146 
952 |0 0  |1 0  |4 0  |6 348_022000000000000_CON_1949  |7 0  |8 F  |9 293953  |a BIBDER  |b BIBDER  |d 2019-11-19  |h t.36  |i 1910825  |o 348.022 CON 1949  |p 1910825  |r 2023-01-25  |w 2019-11-19  |y BK_F  |k DER 
952 |0 0  |1 0  |4 0  |6 348_022000000000000_CON_1949  |7 0  |8 X  |9 293955  |a BIBHIS  |b BIBHIS  |d 2019-11-19  |h t.36  |i 2128411  |o 348.022 CON 1949  |p 2128411  |r 2024-01-30  |w 2019-11-19  |y BK_X  |k HIS